Plantas, bacterias, hongos, mi mujer, el cocinero y su amante : sobre interacciones biológicas, los ciclos de los elementos y otras historias /
Si algo compartimos con otros bichos, plantas y bacterias es que estamos formados por las mismas moléculas básicas y elementos: carbono, hidrógeno, oxígeno, nitrógeno y fósforo. Pero lo que parece tan sencillo puede generar interrogantes fundamentales.
Guardado en:
| Autor Principal: | |
|---|---|
| Formato: | Libro |
| Idioma: | Undetermined |
| Publicado: |
Buenos Aires :
Universidad Nacional de Quilmes Siglo Veintiuno,
2006.
|
| Edición: | 1era ed. |
| Series: | Ciencia que ladra...
|
| Materias: | |
| Etiquetas: |
Agregar Etiqueta
Sin Etiquetas, Sea el primero en etiquetar este registro!
|
| LEADER | 01075nam a22002175a 4500 | ||
|---|---|---|---|
| 001 | CEM.cems025188 | ||
| 008 | 260518s2006####ag#a##########000#0#und#d | ||
| 005 | 20260519090125.0 | ||
| 245 | 1 | 0 | |a Plantas, bacterias, hongos, mi mujer, el cocinero y su amante : |b sobre interacciones biológicas, los ciclos de los elementos y otras historias / |c Luis Gabriel Wall. |
| 250 | |a 1era ed. | ||
| 260 | |a Buenos Aires : |b Universidad Nacional de Quilmes Siglo Veintiuno, |c 2006. | ||
| 300 | |a 114 p. : |b il. ; |c 19 cm. | ||
| 490 | 1 | |a Ciencia que ladra... | |
| 520 | |a Si algo compartimos con otros bichos, plantas y bacterias es que estamos formados por las mismas moléculas básicas y elementos: carbono, hidrógeno, oxígeno, nitrógeno y fósforo. Pero lo que parece tan sencillo puede generar interrogantes fundamentales. | ||
| 020 | |a 9871220251 | ||
| 100 | 1 | |a Wall, Luis Gabriel, |d 2006. | |
| 082 | 0 | 4 | |a 561.92 |
| 653 | |a Fósiles | ||
| 653 | |a Hongos | ||
| 859 | |a CEMS |b BIB. CEMS - Agricultura |h 561.92 |i W154 |p A4176.26 |t Ej.1 | ||
| 859 | |a CEMS |b BIB. CEMS - Agricultura |h 561.92 |i W154 |p A4179.26 |t Ej.2 | ||
